000 00386nam a2200169Ia 4500
100 _aSimchi-Levi/ David
650 _aSupply Chain
250 _a3
942 _cBK
366 _f20
245 _aDesigning and managing the supply chain:Concepts
260 _bTata Mc Graw hill Ltd.
_c2008
082 _a658.5
_bSIM
300 _a531
546 _aENGLISH
_cInfo.Tech
999 _c30651
_d30651